|
|
|
|
| LEADER |
04682nam a2200841 4500 |
| 001 |
ocn919041864 |
| 003 |
OCoLC |
| 005 |
20170124071723.7 |
| 006 |
m o d |
| 007 |
cr ||||||||||| |
| 008 |
150820s2015 nju obd 001 0 eng |
| 010 |
|
|
|a 2015032751
|
| 040 |
|
|
|a DLC
|b eng
|e rda
|e pn
|c DLC
|d YDX
|d N$T
|d DG1
|d YDXCP
|d OCLCF
|d RECBK
|d EBLCP
|d NLE
|d OCLCO
|d COO
|d OCLCQ
|d OCLCO
|d OCL
|d KSU
|d DG1
|d STF
|d MERUC
|d GrThAP
|
| 019 |
|
|
|a 921032853
|a 923139415
|
| 020 |
|
|
|a 9781118902158
|q (ePub)
|
| 020 |
|
|
|a 1118902157
|q (ePub)
|
| 020 |
|
|
|a 9781118902165
|q (Adobe PDF)
|
| 020 |
|
|
|a 1118902165
|q (Adobe PDF)
|
| 020 |
|
|
|a 9781118902189
|
| 020 |
|
|
|a 1118902181
|
| 020 |
|
|
|a 9781405150781
|q (paper)
|
| 020 |
|
|
|a 1405150785
|q (paper)
|
| 020 |
|
|
|z 9781405150774
|q (hardback)
|
| 020 |
|
|
|z 1405150777
|
| 028 |
0 |
1 |
|a EB00624005
|b Recorded Books
|
| 029 |
1 |
|
|a GBVCP
|b 83892400X
|
| 029 |
1 |
|
|a GBVCP
|b 863147399
|
| 035 |
|
|
|a (OCoLC)919041864
|z (OCoLC)921032853
|z (OCoLC)923139415
|
| 042 |
|
|
|a pcc
|
| 050 |
0 |
0 |
|a PN98.P67
|
| 072 |
|
7 |
|a LIT
|x 006000
|2 bisacsh
|
| 082 |
0 |
0 |
|a 801/.95
|2 23
|
| 084 |
|
|
|a LIT006000
|2 bisacsh
|
| 049 |
|
|
|a MAIN
|
| 100 |
1 |
|
|a Lucy, Niall.
|
| 245 |
1 |
0 |
|a Dictionary of postmodernism /
|c Niall Lucy ; edited by John Hartley, with contributions by Robert Briggs, Claire Colebrook, John Hartley, Tony Thwaites, Darren Tofts, McKenzie Wark.
|
| 250 |
|
|
|a First edition.
|
| 264 |
|
1 |
|a Hoboken :
|b Wiley-Blackwell,
|c 2015.
|
| 300 |
|
|
|a 1 online resource.
|
| 336 |
|
|
|a text
|b txt
|2 rdacontent
|
| 337 |
|
|
|a computer
|b c
|2 rdamedia
|
| 338 |
|
|
|a online resource
|b cr
|2 rdacarrier
|
| 520 |
|
|
|a "A useful and authoritative A-Z of the critical terms, concepts, and central figures related to the origins and evolution of postmodernist theory and culture"--
|c Provided by publisher.
|
| 504 |
|
|
|a Includes bibliographical references and index.
|
| 505 |
0 |
|
|a Preface -- Notes on contributors -- Description -- Introduction -- Dictionary: Barthes / Tony Thwaites -- Baudrillard / Niall Lucy -- Cultural studies / John Hartley -- Culture / Niall Lucy -- Deconstruction / Claire Colebrook -- Deleuze, Guattari / Claire Colebrook -- Derrida / Tony Thwaites -- Dialogue / John Hartley -- Differend / Niall Lucy -- Discourse / Robert Briggs -- Eco / John Hartley -- Essence / Robert Briggs -- Foucault / Robert Briggs -- Globalization / John Hartley -- Habermas / Claire Colebrook -- Hassan / Darren Tofts -- Hyperreality / Robert Briggs -- Jameson / Niall Lucy -- Jencks / John Hartley -- Lacan / Tony Thwaites -- Lyotard / Niall Lucy -- Metanarrative / Niall Lucy -- Minor/itarian / Niall Lucy -- Modernism / Niall Lucy -- Modernity Niall Lucy -- New media / McKenzie Wark -- Paraliterature / Darren Tofts -- Phrase Claire Colebrook -- Poststructuralism / Tony Thwaites -- Punk / McKenzie Wark -- Remix / Darren Tofts -- Representation / Darren Tofts -- Ronell / Claire Colebrook -- Semiotics / Niall Lucy and John Hartley -- Simulation / Niall Lucy -- Situationism / McKenzie Wark -- Sokal affair / McKenzie Wark -- Transcendental signified / Robert Briggs -- Truth / Tony Thwaites -- Žižek / Tony Thwaites.
|
| 588 |
0 |
|
|a Print version record and CIP data provided by publisher.
|
| 650 |
|
0 |
|a Postmodernism (Literature)
|v Dictionaries.
|
| 650 |
|
0 |
|a Literature
|x History and criticism
|x Theory, etc.
|v Dictionaries.
|
| 650 |
|
0 |
|a Criticism
|x History
|y 20th century
|v Dictionaries.
|
| 650 |
|
0 |
|a Postmodernism
|v Dictionaries.
|
| 650 |
|
0 |
|a Philosophy, Modern
|y 20th century
|v Dictionaries.
|
| 650 |
|
4 |
|a Literary criticism.
|
| 650 |
|
7 |
|a LITERARY CRITICISM
|x Semiotics & Theory.
|2 bisacsh
|
| 650 |
|
7 |
|a Criticism.
|2 fast
|0 (OCoLC)fst00883735
|
| 650 |
|
7 |
|a Literature
|x Theory, etc.
|2 fast
|0 (OCoLC)fst01353577
|
| 650 |
|
7 |
|a Philosophy, Modern.
|2 fast
|0 (OCoLC)fst01061071
|
| 650 |
|
7 |
|a Postmodernism.
|2 fast
|0 (OCoLC)fst01073164
|
| 650 |
|
7 |
|a Postmodernism (Literature)
|2 fast
|0 (OCoLC)fst01073181
|
| 648 |
|
7 |
|a 1900-1999
|2 fast
|
| 655 |
|
4 |
|a Electronic books.
|
| 655 |
|
7 |
|a Criticism, interpretation, etc.
|2 fast
|0 (OCoLC)fst01411635
|
| 655 |
|
7 |
|a Dictionaries.
|2 fast
|0 (OCoLC)fst01423826
|
| 655 |
|
7 |
|a History.
|2 fast
|0 (OCoLC)fst01411628
|
| 700 |
1 |
|
|a Hartley, John,
|d 1948-
|e editor.
|
| 700 |
1 |
|
|a Thwaites, Tony.
|
| 700 |
1 |
|
|a Hartley, John,
|d 1948-
|
| 700 |
1 |
|
|a Colebrook, Claire.
|
| 700 |
1 |
|
|a Tofts, Darren.
|
| 700 |
1 |
|
|a Briggs, Robert,
|d 1972-
|
| 700 |
1 |
|
|a Wark, McKenzie,
|d 1961-
|
| 776 |
0 |
8 |
|i Print version:
|a Lucy, Niall.
|t Dictionary of postmodernism.
|b First edition.
|d Hoboken : Wiley-Blackwell, 2015
|z 9781405150774
|w (DLC) 2015026169
|
| 856 |
4 |
0 |
|u https://doi.org/10.1002/9781118902189
|z Full Text via HEAL-Link
|
| 994 |
|
|
|a 92
|b DG1
|